[Event "Klubbmesterskap, klasse 2"]
[Site "Ås"]
[Date "1992.04.07"]
[Round "?"]
[White "Grønvold, Jan"]
[Black "Samset, Jon"]
[Result "1-0"]
[WhiteElo "1319"]
[BlackElo "1062"]
[PlyCount "29"]
[EventDate "1992.02.04"]

1. e4 e5 2. Nf3 Nc6 3. d4 exd4 4. Nxd4 d6 5. Bc4 Nxd4 6. Qxd4 Be6 7. Bd3 Nf6 8.
Nc3 Be7 9. Bg5 O-O 10. f4 c5 11. Qf2 Ng4 12. Qh4 f6 13. e5 fxg5 14. Qxh7+ Kf7
15. Bg6# 1-0

[Event "Klubbmesterskap, klasse 2"]
[Site "Ås"]
[Date "1992.05.12"]
[Round "?"]
[White "Hanssen, Fredrik"]
[Black "Hanssen, Jon Fredrik"]
[Result "1-0"]
[WhiteElo "1175"]
[BlackElo "981"]
[Annotator "Lea,Per"]
[PlyCount "65"]
[EventDate "1992.02.04"]

1. e4 c5 2. Nf3 Nf6 3. Nc3 d5 4. exd5 Nxd5 5. Bc4 Nxc3 6. bxc3 Bg4 $2 7. Bxf7+
({Enda bedre:} 7. Ne5 $1 Be6 8. Bxe6 fxe6 9. Qh5+ g6 10. Nxg6 Qd5 11. Ne5+ Kd8
12. Nf7+ Ke8 13. Qxd5 exd5 14. Nxh8) 7... Kxf7 8. Ne5+ Ke6 9. Nxg4 Nc6 10. Qe2+
Kd7 11. Qb5 Qb6 12. Qa4 Kd8 13. O-O h6 14. Re1 e5 15. Nxe5 Nxe5 16. Rxe5 Bd6
17. Rd5 Re8 18. Ba3 Rc8 19. d4 Re6 20. dxc5 Qc6 21. Qxc6 Rxc6 22. Rxd6+ Rexd6
23. cxd6 Rxc3 24. Bb2 Rxc2 25. Bxg7 h5 26. Bf6+ Kd7 27. Be7 b5 28. f4 a5 29. f5
Rc5 30. f6 Rf5 31. Rf1 Rxf1+ 32. Kxf1 Ke6 33. Ke2 1-0

[Event "Høstturnering"]
[Site "Ås"]
[Date "1992.09.15"]
[Round "2"]
[White "Skjellum, Eivind"]
[Black "Skaug, Thorbjørn"]
[Result "1-0"]
[WhiteElo "708"]
[BlackElo "1135"]
[PlyCount "129"]
[EventDate "1992.02.04"]

1. d4 e5 2. Nf3 e4 3. Ng5 d5 4. Bf4 h6 5. Nh3 Bg4 6. f3 Bxh3 7. gxh3 Nf6 8. Qd2
Nc6 9. Nc3 Bb4 10. O-O-O Qe7 11. Bg2 O-O-O 12. Rde1 g5 13. Bg3 Rhe8 14. h4 e3
15. Qd3 Bxc3 16. Qxc3 Qb4 17. Qxb4 Nxb4 18. Kb1 g4 19. c3 Nc6 20. h3 h5 21.
hxg4 hxg4 22. fxg4 Nxg4 23. Bh3 f5 24. Ref1 Rf8 25. Rf4 Nh6 26. Rhf1 Ne7 27.
R1f3 Kb8 28. Rxe3 Ng6 29. Re6 Nxf4 30. Bxf4 Ng4 31. Re7 Rc8 32. Rg7 Nf2 33. Rg3
Nxh3 34. Rxh3 Rg8 35. h5 Rce8 36. e3 Re7 37. h6 Rh7 38. b4 Kc8 39. b5 c6 40. a4
Kd7 41. Kc2 cxb5 42. axb5 Rg6 43. Kd3 a6 44. bxa6 bxa6 45. c4 Kc6 46. cxd5+
Kxd5 47. Rh5 Ke6 48. e4 fxe4+ 49. Kxe4 Kf7 50. Kd5 a5 51. Kc5 Ra6 52. Kb5 Ra8
53. d5 Ke8 54. Bc7 a4 55. Be5 a3 56. d6 Kd7 57. Kb6 a2 58. Rh1 Ra3 59. Kc5 Ra5+
60. Kd4 a1=Q+ 61. Rxa1 Rxa1 62. Ke4 Rxh6 63. Bxa1 Rxd6 64. Be5 Rd1 65. Kf5 1-0

[Event "Høstturnering"]
[Site "Ås"]
[Date "1992.09.15"]
[Round "2"]
[White "Olsen, Torgeir"]
[Black "Samset, Jon"]
[Result "0-1"]
[WhiteElo "578"]
[BlackElo "1046"]
[PlyCount "56"]
[EventDate "1992.02.04"]

1. e4 e5 2. Nc3 Nf6 3. Bc4 Bc5 4. Nf3 Nc6 5. O-O O-O 6. d3 d6 7. Be3 Bg4 8. Nd5
h6 9. a4 Qd7 10. g3 Nd4 11. Bxd4 Bxd4 12. Ne3 Bxb2 13. Rb1 Bd4 14. Nd5 a6 15.
Nxf6+ gxf6 16. h3 Bxh3 17. Nxd4 exd4 18. Qf3 Bxf1 19. Rxf1 Qe7 20. Qg4+ Kh7 21.
f4 Rg8 22. Qh5 Rxg3+ 23. Kh2 Rag8 24. Rg1 Rxg1 25. Qxf7+ Qxf7 26. Bxf7 R8g2+
27. Kh3 Rg7 28. Bd5 Rh1# 0-1

[Event "Høstturnering"]
[Site "Ås"]
[Date "1992.09.22"]
[Round "2"]
[White "Jørgensen, Trygve"]
[Black "Lea, Per"]
[Result "0-1"]
[WhiteElo "734"]
[BlackElo "1566"]
[PlyCount "34"]
[EventDate "1992.??.??"]

1. e4 e5 2. Nf3 Nc6 3. b3 Bc5 4. Bb2 d6 5. d3 f5 6. exf5 Bxf5 7. Nbd2 Nf6 8.
Nc4 O-O 9. d4 exd4 10. Nxd4 Ne4 11. Qd3 Nxf2 12. Kxf2 Bxd3+ 13. Ke3 Bxf1 14.
Rhxf1 Qg5+ 15. Kd3 Nb4+ 16. Ke2 Qxg2+ 17. Kd1 Rxf1# 0-1

[Event "Høstturnering"]
[Site "Ås"]
[Date "1992.09.22"]
[Round "3"]
[White "Weberg, Øyvind"]
[Black "Furnes, Torstein"]
[Result "1-0"]
[WhiteElo "1631"]
[BlackElo "1411"]
[PlyCount "89"]
[EventDate "1992.02.04"]

1. c4 Nf6 2. Nc3 d5 3. cxd5 Nxd5 4. g3 b6 5. Bg2 Bb7 6. Nf3 e6 7. O-O Be7 8. d3
O-O 9. Bd2 c5 10. a3 Nd7 11. Qc2 Re8 12. Rfd1 Nf8 13. Rac1 Rc8 14. Nb5 a6 15.
Nc3 b5 16. Be1 Qb6 17. Ne4 Red8 18. Ned2 Rd7 19. Nb3 c4 20. dxc4 Rxc4 21. Qb1
Rxc1 22. Nxc1 Bf6 23. Nb3 g6 24. Ba5 Qa7 25. Qc2 Bg7 26. Nc5 Ne3 27. fxe3 Rxd1+
28. Qxd1 Qxc5 29. Qd2 Bh6 30. Kf2 Qd5 31. Qc1 Nd7 32. Nh4 Qe5 33. Bxb7 g5 34.
Bc3 Qc5 35. Nf3 g4 36. Nh4 Ne5 37. Bd2 Qb6 38. Be4 Nc4 39. Ng2 f5 40. Bd3 Ne5
41. Nf4 Bxf4 42. gxf4 Ng6 43. Qc8+ Kf7 44. Qd7+ Kg8 45. Bc3 1-0

[Event "Høstturnering"]
[Site "Ås"]
[Date "1992.10.13"]
[Round "4"]
[White "Furnes, Torstein"]
[Black "Grønvold, Jan"]
[Result "1/2-1/2"]
[WhiteElo "1411"]
[BlackElo "1310"]
[PlyCount "50"]
[EventDate "1992.02.04"]

1. d4 d5 2. c4 e5 3. dxe5 d4 4. Nf3 Nc6 5. Bg5 Be7 6. Bxe7 Ngxe7 7. Na3 Be6 8.
Qb3 O-O 9. Rd1 Na5 10. Qc2 c5 11. e3 Nf5 12. exd4 cxd4 13. Bd3 Qc8 14. Nxd4
Nxd4 15. Bxh7+ Kh8 16. Rxd4 Qc5 17. Rh4 Qxe5+ 18. Be4+ Kg8 19. O-O f5 20. Bd3
Kf7 21. Qe2 Qf6 22. Rh3 Rh8 23. Rxh8 Rxh8 24. f4 Nc6 25. Re1 Nd4 1/2-1/2

[Event "Høstturnering"]
[Site "Ås"]
[Date "1992.11.17"]
[Round "4"]
[White "Skaug, Thorbjørn"]
[Black "Olsen, Trygve"]
[Result "0-1"]
[WhiteElo "1411"]
[BlackElo "1310"]
[PlyCount "64"]
[EventDate "1992.02.04"]

1. b4 e5 2. Bb2 Qf6 3. Nf3 Nc6 4. b5 Nd4 5. Nxd4 exd4 6. e3 Bc5 7. exd4 Bb6 8.
Qe2+ Ne7 9. c3 d5 10. Ba3 Be6 11. Bxe7 Kxe7 12. g3 Rhe8 13. Bh3 Kf8 14. O-O
Bxh3 15. Qh5 Bf5 16. Na3 c5 17. bxc6 bxc6 18. Rfe1 Kg8 19. Re3 g6 20. Qd1 a6
21. Qb3 Rxe3 22. dxe3 Rb8 23. Nc2 Bd3 24. Ne1 Bc7 25. Qd1 Be4 26. Nd3 h5 27.
Nc5 Bf5 28. Nxa6 Bg4 29. Qf1 Rb2 30. Nxc7 Bh3 31. Qe1 Qf3 32. Nxd5 Qg2# 0-1

[Event "Høstturnering"]
[Site "Ås"]
[Date "1992.10.13"]
[Round "4"]
[White "Lea, Per"]
[Black "Weberg, Øyvind"]
[Result "1-0"]
[WhiteElo "1566"]
[BlackElo "1631"]
[PlyCount "71"]
[EventDate "1992.??.??"]

1. e4 e5 2. Nf3 Nc6 3. Bc4 Be7 4. d4 d6 5. Be3 Bg4 6. c3 Nf6 7. Nbd2 O-O 8. Qc2
exd4 9. Nxd4 Ne5 10. Bb3 c6 11. h3 Bh5 12. g4 Bg6 13. f4 Nexg4 14. hxg4 Nxg4
15. Ke2 Nxe3 16. Kxe3 h6 17. Rag1 d5 18. f5 Bh7 19. N2f3 c5 20. Qh2 cxd4+ 21.
cxd4 Qb6 22. Bxd5 Rad8 23. Ne5 Rxd5 24. exd5 Bxf5 25. Nc6 Bg5+ 26. Rxg5 Re8+
27. Ne5 Rxe5+ 28. Qxe5 Bg6 29. Rg2 Qb5 30. Rxg6 fxg6 31. d6 Qxb2 32. d7 Qc3+
33. Ke4 Qc2+ 34. Kf3 Qc6+ 35. d5 Qxd7 36. Qe6+ 1-0

[Event "Høstturnering"]
[Site "Ås"]
[Date "1992.10.20"]
[Round "5"]
[White "Weberg, Øyvind"]
[Black "Wilberg, Alf"]
[Result "1-0"]
[WhiteElo "1631"]
[BlackElo "1553"]
[PlyCount "75"]
[EventDate "1992.02.04"]

1. c4 c5 2. g3 Nc6 3. Bg2 Nf6 4. Nf3 g6 5. O-O Bg7 6. Nc3 O-O 7. d3 d6 8. Bd2
a6 9. a3 Bd7 10. Rb1 a5 11. Na2 Qc7 12. Qc2 Rab8 13. b4 b6 14. Rfc1 Rfe8 15. e3
e5 16. Nc3 Ne7 17. bxa5 bxa5 18. Nb5 Bxb5 19. cxb5 Ned5 20. a4 Qb6 21. Be1 Rec8
22. Nd2 Nb4 23. Qb3 d5 24. e4 d4 25. Nc4 Qc7 26. Bh3 Rd8 27. Bd2 Nd7 28. f4 Bh6
29. Bxd7 Rxd7 30. Nxe5 Rd6 31. Bxb4 axb4 32. Qxb4 Bf8 33. Qxc5 Qa5 34. Nc6 Qd2
35. Qc2 Qe3+ 36. Kg2 Rxc6 37. bxc6 Rxb1 38. Rxb1 {Svart tapte pÃ¥ tid} 1-0

[Event "Høstturnering"]
[Site "Ås"]
[Date "1992.11.03"]
[Round "6"]
[White "Weberg, Øyvind"]
[Black "Furnes, Harald"]
[Result "1/2-1/2"]
[WhiteElo "1631"]
[BlackElo "1568"]
[PlyCount "78"]
[EventDate "1992.02.04"]

1. e4 e6 2. d4 d5 3. exd5 exd5 4. g3 Be7 5. Bg2 Nf6 6. Nc3 c6 7. Nge2 Bf5 8. f3
Na6 9. a3 Nc7 10. Be3 Qc8 11. h4 h5 12. Qd2 Nd7 13. Nf4 Nb6 14. b3 a5 15. Qe2
a4 16. Nxh5 Rxh5 17. g4 Rxh4 18. Rxh4 Bxh4+ 19. Bf2+ Qe6 20. gxf5 Bxf2+ 21.
Kxf2 Qxe2+ 22. Nxe2 axb3 23. cxb3 Nd7 24. Ke3 Ke7 25. Bh3 Nb5 26. a4 Nd6 27.
Rg1 Rh8 28. Bg4 Nf6 29. Nf4 Rh2 30. Nd3 Kf8 31. Rd1 Nde8 32. Nc5 Nd6 33. Kf4
Rb2 34. Rd3 b6 35. Na6 Nb7 36. Rc3 Na5 37. Nb4 Rxb3 38. Rxb3 Nxb3 39. Nxc6 Ke8
1/2-1/2

[Event "Høstturnering"]
[Site "Ås"]
[Date "1992.11.03"]
[Round "6"]
[White "Lea, Per"]
[Black "Samset, Jon"]
[Result "1-0"]
[WhiteElo "1566"]
[BlackElo "1046"]
[PlyCount "63"]
[EventDate "1992.??.??"]

1. e4 e5 2. Nf3 Nc6 3. Bc4 Bc5 4. c3 h6 5. d4 exd4 6. cxd4 Bb4+ 7. Bd2 Bxd2+ 8.
Qxd2 Nf6 9. e5 Ne4 10. Qe3 Ng5 11. Nbd2 O-O 12. O-O Re8 13. Nxg5 Qxg5 14. f4
Qe7 15. Rae1 d6 16. Qg3 Bf5 17. Nf3 Kh8 18. Bb5 Bd7 19. d5 Nd8 20. exd6 Qxd6
21. Rxe8+ Bxe8 22. Bxe8 Qxd5 23. b3 c6 24. Ne5 Kg8 25. Re1 Qc5+ 26. Qe3 Qf8 27.
Bd7 f5 28. Ng6 Qf7 29. Qe8+ Qxe8 30. Rxe8+ Kh7 31. Bxf5 h5 32. Rh8# 1-0

[Event "Høstturnering"]
[Site "Ås"]
[Date "1992.11.10"]
[Round "7"]
[White "Olsen, Trygve"]
[Black "Jørgensen, Trygve"]
[Result "1/2-1/2"]
[WhiteElo "1296"]
[BlackElo "734"]
[PlyCount "26"]
[EventDate "1992.02.04"]

1. e4 e5 2. Bc4 Nf6 3. Nf3 Nc6 4. Ng5 Qe7 5. Bxf7+ Kd8 6. Bb3 d6 7. Nf7+ Ke8 8.
Nxh8 Nxe4 9. Qh5+ Kd8 10. Nf7+ Kd7 11. Qg4+ Ke8 12. Qxe4 Qxf7 13. Bxf7+ Kxf7
1/2-1/2

[Event "Høstturnering"]
[Site "Ås"]
[Date "1992.11.12"]
[Round "7"]
[White "Furnes, Harald"]
[Black "Furnes, Torstein"]
[Result "1-0"]
[WhiteElo "1568"]
[BlackElo "1411"]
[PlyCount "127"]
[EventDate "1992.02.04"]

1. d4 Nf6 2. c4 d5 3. Nc3 e6 4. cxd5 Nxd5 5. e4 Nxc3 6. bxc3 c5 7. Nf3 Be7 8.
Be2 O-O 9. O-O b6 10. Qc2 Bb7 11. Be3 Nd7 12. Rad1 Qc7 13. Qb1 Rfd8 14. Ne1 Nf8
15. f4 a6 16. f5 b5 17. Kh1 Rac8 18. Rc1 Rd7 19. Bg4 Qc6 20. fxe6 fxe6 21. Bf3
Qc7 22. Nd3 c4 23. Ne5 Rdd8 24. Bg4 Bd6 25. Rxf8+ Rxf8 26. Bxe6+ Kh8 27. Bxc8
Bxc8 28. Rf1 Re8 29. Nf7+ Kg8 30. Nxd6 Qxd6 31. Bf4 Qg6 32. e5 Bf5 33. Qe1 Bd3
34. Rf2 Rf8 35. Bc1 Rxf2 36. Qxf2 Qg4 37. Qd2 Qe2 38. Qxe2 Bxe2 39. Kg1 Kf7 40.
Kf2 Bd3 41. Ke3 Ke6 42. Kf4 h5 43. Kg5 g6 44. Kh6 Be4 45. Kg7 a5 46. a3 a4 47.
g3 Bf5 48. Kf8 Be4 49. Ke8 Bc6+ 50. Kd8 Kd5 51. Ke7 Ke4 52. Kd6 Be8 53. Kc5 Kd3
54. Bb2 Kc2 55. e6 Kxb2 56. Kb4 Bc6 57. Kc5 Be8 58. d5 Kxc3 59. d6 Kb2 60. d7
Bxd7 61. exd7 c3 62. d8=Q c2 63. Qd2 Kb1 64. Kxb5 1-0

[Event "Høstturnering"]
[Site "Ås"]
[Date "1992.11.17"]
[Round "7"]
[White "Wilberg, Alf"]
[Black "Lea, Per"]
[Result "1-0"]
[WhiteElo "1553"]
[BlackElo "1566"]
[PlyCount "33"]
[EventDate "1992.??.??"]

1. d4 d5 2. Nf3 Nf6 3. Bf4 c5 4. c3 Nc6 5. e3 Qb6 6. Qb3 Qxb3 7. axb3 e6 8. Bd3
Be7 9. Nbd2 O-O 10. O-O b6 11. h3 Bb7 12. Ne5 Nxe5 13. Bxe5 Nd7 14. Bg3 f6 15.
Nf3 Rfe8 16. Bb5 Bc8 17. Bc6 1-0

[Event "Høstturnering"]
[Site "Ås"]
[Date "1992.12.01"]
[Round "8"]
[White "Furnes, Harald"]
[Black "Wilberg, Alf"]
[Result "1-0"]
[WhiteElo "1568"]
[BlackElo "1553"]
[PlyCount "81"]
[EventDate "1992.02.04"]

1. d4 Nf6 2. c4 e5 3. d5 d6 4. Qc2 Bg4 5. e3 Be7 6. Ne2 Bh5 7. Ng3 Bg6 8. Bd3
Nbd7 9. b4 Bxd3 10. Qxd3 O-O 11. Bb2 a5 12. a3 Re8 13. O-O Bf8 14. Nd2 c6 15.
e4 c5 16. Bc3 a4 17. b5 g6 18. Ne2 Bg7 19. Nb1 Nb6 20. Bd2 Qd7 21. Nbc3 Nh5 22.
Nd1 Rf8 23. Nb2 f5 24. f3 f4 25. Nc3 g5 26. Qc2 Ra7 27. Ncxa4 Nxa4 28. Nxa4 Qd8
29. Nb2 b6 30. a4 Nf6 31. Qd1 h5 32. Qe2 Kf7 33. Ra3 g4 34. Rfa1 Qd7 35. a5
Rfa8 36. Qd3 h4 37. axb6 Rxa3 38. Rxa3 Rb8 39. Ra7 Rb7 40. Qa3 h3 41. Rxb7 1-0

[Event "Høstturnering"]
[Site "Ås"]
[Date "1992.11.24"]
[Round "8"]
[White "Lea, Per"]
[Black "Furnes, Harald"]
[Result "0-1"]
[WhiteElo "1566"]
[BlackElo "1568"]
[PlyCount "90"]
[EventDate "1992.??.??"]

1. e4 b6 2. d4 Bb7 3. Nc3 e6 4. Bd3 Nf6 5. Bg5 Be7 6. Nf3 h6 7. Bh4 d6 8. Qe2
a6 9. O-O-O Nfd7 10. Bg3 Qc8 11. d5 e5 12. Nh4 g6 13. Qg4 Nc5 14. Be2 Bg5+ 15.
Kb1 Qd8 16. f4 exf4 17. Nxg6 fxg6 18. h4 Bc8 19. Qf3 fxg3 20. hxg5 Qxg5 21.
Rdf1 Qe7 22. Qxg3 Qg7 23. Bh5 Rg8 24. Bf3 Nbd7 25. Ne2 Ne5 26. Nd4 Bd7 27. b4
Nb7 28. Ne6 Bxe6 29. dxe6 O-O-O 30. Qh3 Kb8 31. Qxh6 Qxh6 32. Rxh6 Rde8 33. Be2
b5 34. a4 c6 35. axb5 axb5 36. Kb2 Rxe6 37. Ra1 Re7 38. Kb3 Nd8 39. Rd1 Kc7 40.
Ra1 Kb6 41. Rd1 Ndf7 42. Rh7 Ra7 43. c4 bxc4+ 44. Bxc4 Nxc4 45. Kxc4 Ne5+ 0-1

[Event "Høstturnering"]
[Site "Ås"]
[Date "1992.12.15"]
[Round "9"]
[White "Hellberg, Lars"]
[Black "Furnes, Torstein"]
[Result "1-0"]
[WhiteElo "1568"]
[BlackElo "1553"]
[PlyCount "34"]
[EventDate "1992.02.04"]

1. e4 c5 2. Nf3 Nc6 3. d4 cxd4 4. Nxd4 e5 5. Nf3 Nf6 6. Nc3 Bb4 7. Bd2 Bxc3 8.
Bxc3 Nxe4 9. Bxe5 Nxe5 10. Nxe5 Qa5+ 11. c3 Qxe5 12. Qe2 d6 13. O-O-O Qf4+ 14.
Kb1 O-O 15. f3 Nf6 16. Rd4 Bf5+ 17. Re4 Nxe4 1-0

[Event "Klubbmesterskap klasse 1"]
[Site "Ås"]
[Date "1993.02.09"]
[Round "2"]
[White "Weberg, Øyvind"]
[Black "Hellberg, Lars"]
[Result "1-0"]
[WhiteElo "1636"]
[BlackElo "1339"]
[PlyCount "71"]
[EventDate "1992.??.??"]

1. c4 e5 2. d3 Nf6 3. Nc3 Bc5 4. g3 O-O 5. Bg2 c6 6. Nf3 Re8 7. a3 d5 8. cxd5
cxd5 9. O-O Nc6 10. Bg5 Be7 11. Rc1 Be6 12. b4 a6 13. Na4 Rc8 14. Nc5 Rc7 15.
Nxb7 Rxb7 16. Rxc6 e4 17. Nd4 Rb6 18. Nxe6 fxe6 19. Rxb6 Qxb6 20. Bxf6 Bxf6 21.
dxe4 dxe4 22. Bxe4 Bd4 23. Qd3 Bxf2+ 24. Rxf2 Rf8 25. e3 Rxf2 26. Kxf2 g6 27.
Qd4 Qc7 28. Qc5 Qf7+ 29. Bf3 Qf6 30. Qc8+ Kg7 31. Qxa6 Qb2+ 32. Qe2 Qxa3 33. b5
Qb4 34. Bc6 e5 35. e4 h5 36. Kg2 1-0

[Event "Klubbmesterskap klasse 1"]
[Site "Ås"]
[Date "1993.02.09"]
[Round "2"]
[White "Wilberg, Alf"]
[Black "Lea, Per"]
[Result "1-0"]
[WhiteElo "1553"]
[BlackElo "1571"]
[PlyCount "73"]
[EventDate "1993.??.??"]

1. d4 d5 2. Nf3 Nf6 3. Bg5 e6 4. e3 Be7 5. Bd3 O-O 6. Ne5 Nbd7 7. Nxd7 Bxd7 8.
Qf3 h6 9. Bf4 c5 10. c3 c4 11. Bc2 Qb6 12. Qe2 Kh8 13. Bd1 a6 14. Qc2 Ba4 15.
Qxa4 Qxb2 16. Qc2 Qxa1 17. O-O b5 18. Bf3 b4 19. g4 a5 20. h4 a4 21. cxb4 Bxb4
22. g5 hxg5 23. hxg5 Nh7 24. Kg2 a3 25. Rh1 g6 26. Be5+ Kg8 27. Rxh7 Kxh7 28.
Qd1 f5 29. Qh1+ Kg8 30. Qh8+ Kf7 31. Qf6+ Ke8 32. Qxe6+ Kd8 33. Qb6+ Kd7 34.
Qxb4 Qxa2 35. Bxd5 Rac8 36. Qb7+ Ke8 37. Bf6 1-0

[Event "Klubbmesterskap klasse 1"]
[Site "Ås"]
[Date "1993.03.02"]
[Round "3"]
[White "Lea, Per"]
[Black "Weberg, Øyvind"]
[Result "1/2-1/2"]
[WhiteElo "1571"]
[BlackElo "1636"]
[PlyCount "42"]
[EventDate "1993.??.??"]

1. e4 e5 2. Nc3 g6 3. f4 d6 4. Nf3 Bg7 5. Bc4 Ne7 6. O-O Nbc6 7. d3 exf4 8.
Bxf4 Na5 9. Qd2 Nxc4 10. dxc4 Be6 11. b3 Nc6 12. Rad1 h6 13. Nd5 Qd7 14. c5
O-O-O 15. cxd6 cxd6 16. c4 Bg4 17. Nb4 Ne5 18. Nxe5 dxe5 19. Qxd7+ Rxd7 20.
Rxd7 Bxd7 21. Be3 f5 1/2-1/2

[Event "Klubbmesterskap klasse 1"]
[Site "Ås"]
[Date "1993.03.09"]
[Round "4"]
[White "Hellberg, Lars"]
[Black "Lea, Per"]
[Result "0-1"]
[WhiteElo "1339"]
[BlackElo "1571"]
[PlyCount "52"]
[EventDate "1993.??.??"]

1. e4 e5 2. Nf3 Nc6 3. Bb5 a6 4. Ba4 Nf6 5. d4 exd4 6. e5 Ne4 7. O-O Be7 8. c3
dxc3 9. Nxc3 Nxc3 10. bxc3 O-O 11. Re1 d6 12. exd6 Bxd6 13. Bb2 b5 14. Bc2 Bg4
15. Qd3 g6 16. c4 Bb4 17. Re3 Qxd3 18. Bxd3 Bc5 19. Ree1 Bxf3 20. gxf3 bxc4 21.
Bxc4 Nd4 22. Bd5 Rad8 23. Be4 f5 24. Bxd4 Bxd4 25. Rad1 fxe4 26. Rxe4 Bxf2+ 0-1

[Event "Klubbmesterskap klasse 1"]
[Site "Ås"]
[Date "1993.03.16"]
[Round "5"]
[White "Furnes, Harald"]
[Black "Weberg, Øyvind"]
[Result "1-0"]
[WhiteElo "1619"]
[BlackElo "1636"]
[PlyCount "83"]
[EventDate "1992.??.??"]

1. d4 Nf6 2. c4 g6 3. Nc3 Bg7 4. e4 d6 5. f4 O-O 6. Nf3 c6 7. Be2 Bd7 8. O-O a5
9. Kh1 Na6 10. Be3 Ng4 11. Bg1 Rb8 12. Ng5 Nf6 13. e5 Ne8 14. Bd3 e6 15. Qg4
Nb4 16. Bb1 h6 17. Nf3 b5 18. a3 Na6 19. cxb5 cxb5 20. Bd3 d5 21. Nh4 Nac7 22.
b4 axb4 23. axb4 Qe7 24. Rfb1 Bc6 25. Ra5 g5 26. Nf3 f5 27. Qg3 g4 28. Ne1 h5
29. Qf2 Kf7 30. Qe2 Bh6 31. Be3 Qd7 32. Nc2 Ng7 33. Na3 h4 34. Naxb5 Nh5 35.
Nd6+ Kg8 36. Qd2 Rb6 37. b5 Ba8 38. Na4 Rbb8 39. Nc5 Qe7 40. b6 Ne8 41. Ra7 Qd8
42. Nxe6 1-0

[Event "Klubbmesterskap klasse 1"]
[Site "Ås"]
[Date "1993.04.06"]
[Round "7"]
[White "Furnes, Harald"]
[Black "Lea, Per"]
[Result "1-0"]
[WhiteElo "1619"]
[BlackElo "1571"]
[PlyCount "50"]
[EventDate "1993.??.??"]

1. d4 d5 2. c4 e6 3. Nc3 Nf6 4. Nf3 Bb4 5. e3 c6 6. Bd2 O-O 7. Rc1 Nbd7 8. Qc2
Re8 9. Bd3 dxc4 10. Bxc4 Nd5 11. O-O Nxc3 12. bxc3 Bd6 13. e4 e5 14. Ng5 Rf8
15. f4 exf4 16. Nxf7 Rxf7 17. Bxf4 Bxf4 18. Bxf7+ Kh8 19. Rxf4 Nf6 20. Rcf1 Bd7
21. e5 Ng4 22. Qe2 Qe7 23. Bb3 Nf6 24. Qf2 Ng8 25. Rf7 Qe8 1-0

[Event "Klubbmesterskap klasse 1"]
[Site "Ås"]
[Date "1993.04.06"]
[Round "8"]
[White "Hellberg, Lars"]
[Black "Olsen, Trygve"]
[Result "0-1"]
[WhiteElo "1339"]
[BlackElo "1218"]
[PlyCount "32"]
[EventDate "1992.??.??"]

1. e4 d5 2. exd5 Qxd5 3. Nc3 Qe6+ 4. Be2 Nc6 5. d4 Qg6 6. Bf3 Bf5 7. Qd2 Nb4 8.
Ne4 e6 9. Qe2 Nf6 10. c3 Nxe4 11. cxb4 Bxb4+ 12. Kf1 O-O 13. Bxe4 Bxe4 14. Nf3
Bd3 15. Ne5 Bxe2+ 16. Kxe2 Qc2+ 0-1

[Event "Klubbmesterskap klasse 1"]
[Site "Ås"]
[Date "1993.04.13"]
[Round "9"]
[White "Olsen, Trygve"]
[Black "Lea, Per"]
[Result "0-1"]
[WhiteElo "1218"]
[BlackElo "1571"]
[Annotator "Lea,Per"]
[PlyCount "58"]
[EventDate "1993.??.??"]

1. e4 e5 2. f4 d5 3. exd5 e4 4. c4 Bc5 (4... Nf6 5. Nc3 c6) 5. Qe2 ({I et
Østlandsserieparti 17 Ã¥r seinere spilte Åsmund Sem-Johansen} 5. d4 exd3 6.
Qxd3 Nf6 7. Be3 $4 {og tapte sÃ¥ det sang etter} Qe7 8. Kd2 Ne4+ 9. Kc2 Bf5 10.
Bxc5 Qxc5 11. Qe2 O-O 12. Kb3 Qb6+ 13. Ka3 Qa5+ 14. Kb3 Nc5#) 5... Nf6 6. h3
O-O 7. Nc3 c6 8. d3 Bf5 (8... cxd5 9. dxe4) 9. dxe4 Bxe4 10. Nf3 Re8 11. Ne5
cxd5 12. Nxe4 Nxe4 13. Be3 Ng3 14. Qf3 Nxh1 15. O-O-O Bxe3+ 16. Qxe3 f6 17.
Rxd5 Qc7 18. Qb3 fxe5 19. c5 Kh8 20. Qe3 Nc6 21. f5 Rad8 22. Rxd8 Rxd8 23. Bc4
Nd4 24. Qg5 Nxf5 25. Qxf5 Qxc5 26. b3 Qe3+ 27. Kb2 Rd2+ 28. Ka3 Qc5+ 29. b4
Qxc4 0-1

[Event "Klubbmesterskap klasse 2"]
[Site "Ås"]
[Date "1993.02.09"]
[Round "2"]
[White "Skaug, Thorbjørn"]
[Black "Samset, Jon"]
[Result "0-1"]
[WhiteElo "1126"]
[BlackElo "1076"]
[PlyCount "40"]
[EventDate "1993.??.??"]

1. b4 b5 2. Bb2 Nc6 3. e3 a6 4. a3 e5 5. Nf3 d6 6. c4 bxc4 7. Bxc4 Bg4 8. Be2
Nf6 9. h3 Bf5 10. Qa4 Bd7 11. Qc2 Be7 12. O-O Qc8 13. Ne1 O-O 14. Bf3 d5 15. d3
Bd6 16. e4 Nd4 17. Bxd4 exd4 18. Nd2 Bxh3 19. gxh3 Qxh3 20. e5 Bxe5 0-1

[Event "Klubbmesterskap klasse 3"]
[Site "Ås"]
[Date "1993.02.02"]
[Round "1"]
[White "Skjellum, Eivind"]
[Black "Ådnøy, Hallvard Voll"]
[Result "0-1"]
[WhiteElo "777"]
[BlackElo "763"]
[PlyCount "40"]
[EventDate "1993.??.??"]

1. e4 e5 2. Nf3 Nc6 3. Bb5 a6 4. Ba4 Nf6 5. Nc3 Bc5 6. O-O O-O 7. d3 d5 8. Be3
d4 9. b4 Bxb4 10. Nd5 b5 11. Nxb4 Nxb4 12. Bb3 dxe3 13. Nxe5 Qe7 14. Nf3 Bg4
15. fxe3 Rad8 16. e5 Ne4 17. Rb1 Bxf3 18. Qxf3 Nd2 19. Qd1 Nxb1 20. Qxb1 Qxe5
0-1

[Event "Høstturnering"]
[Site "Ås"]
[Date "1993.09.14"]
[Round "1"]
[White "Olsen, Runar Mogan"]
[Black "Lea, Per"]
[Result "0-1"]
[WhiteElo "1203"]
[BlackElo "1567"]
[PlyCount "64"]
[EventDate "1993.??.??"]

1. e4 e5 2. Nf3 Nc6 3. Bb5 a6 4. Ba4 Nf6 5. d3 b5 6. Bb3 Be7 7. O-O O-O 8. Nc3
d6 9. h3 Na5 10. Bd2 Nxb3 11. cxb3 Ne8 12. Qc2 f5 13. Rac1 fxe4 14. dxe4 Bxh3
15. Qd3 Be6 16. Nd5 c5 17. Nxe7+ Qxe7 18. Ng5 Nf6 19. f4 Bd7 20. f5 h6 21. Nh3
Bc6 22. Nf2 Rad8 23. Be3 Qb7 24. Bxh6 gxh6 25. Qg3+ Qg7 26. Rc3 Bxe4 27. Qxg7+
Kxg7 28. Rg3+ Kh7 29. Nxe4 Nxe4 30. Rg6 Rxf5 31. Rxh6+ Kxh6 32. Rxf5 Kg6 0-1

[Event "Høstturnering"]
[Site "Ås"]
[Date "1993.09.28"]
[Round "2"]
[White "Lea, Per"]
[Black "Ådnøy, Hallvard Voll"]
[Result "1-0"]
[WhiteElo "1567"]
[BlackElo "763"]
[PlyCount "103"]
[EventDate "1993.??.??"]

1. e4 e5 2. Nf3 Nc6 3. Bb5 a6 4. Ba4 Nf6 5. O-O Be7 6. Re1 b5 7. Bb3 d6 8. c3
O-O 9. h3 Nb8 10. d4 Nbd7 11. Nbd2 Bb7 12. Bc2 Re8 13. Nf1 Bf8 14. Ng3 g6 15.
b3 Rc8 16. Bb2 c5 17. d5 Nb6 18. a4 c4 19. axb5 axb5 20. b4 Qd7 21. Qd2 Ra8 22.
Qe3 Na4 23. Bc1 Bg7 24. Bd2 Rec8 25. Nh4 Kh8 26. Qf3 Rf8 27. Bg5 Ng8 28. Bxa4
bxa4 29. Qe2 Ba6 30. Qc2 Bb5 31. Be3 Ra6 32. Ra3 Ne7 33. Bg5 f6 34. Bd2 Nc8 35.
Re3 Bh6 36. Rf3 Bxd2 37. Qxd2 Nb6 38. Qh6 Qg7 39. Nxg6+ Kg8 40. Qxg7+ Kxg7 41.
Nxf8 Kxf8 42. Rxf6+ Ke7 43. Rh6 Nc8 44. Rxh7+ Kd8 45. h4 Ra7 46. Rh8+ Kc7 47.
Nf5 Bd7 48. h5 Kb6 49. h6 Bxf5 50. exf5 Ne7 51. h7 Rb7 52. Rf8 1-0

[Event "Høstturnering"]
[Site "Ås"]
[Date "1993.10.05"]
[Round "3"]
[White "Lea, Per"]
[Black "Brennvall, Jon-Eirik"]
[Result "0-1"]
[WhiteElo "1567"]
[BlackElo "1602"]
[PlyCount "108"]
[EventDate "1993.??.??"]

1. e4 e5 2. Nf3 Nf6 3. Nxe5 Nxe4 4. Qe2 Qe7 5. Qxe4 d6 6. d4 f6 7. Bf4 dxe5 8.
dxe5 g5 9. Bd2 Nd7 10. Nc3 Qxe5 11. Qxe5+ Nxe5 12. Nd5 Kf7 13. Nxc7 Rb8 14. Be2
Bf5 15. Bh5+ Ng6 16. c3 Bd6 17. Nd5 Rhe8+ 18. Ne3 Bd3 19. O-O-O Bc5 20. h4 Re6
21. b4 Bf8 22. hxg5 a5 23. a3 axb4 24. axb4 Ra8 25. Kb2 Rea6 26. Ra1 fxg5 27.
Bf3 Rxa1 28. Rxa1 Rxa1 29. Kxa1 b5 30. Bd5+ Kf6 31. Ng4+ Kf5 32. f3 Nf4 33.
Be4+ Bxe4 34. Ne3+ Ke6 35. fxe4 Ke5 36. g3 Ne2 37. Ng4+ Kxe4 38. Bxg5 Kf5 39.
Ne3+ Kxg5 40. Kb2 Bg7 41. Nd5 Kg4 42. Kb3 Nxc3 43. Nxc3 Bxc3 44. Kxc3 Kxg3 45.
Kd4 h5 46. Kc5 h4 47. Kxb5 h3 48. Ka6 h2 49. b5 h1=Q 50. Ka7 Qh7+ 51. Ka6 Qc7
52. b6 Qb8 53. b7 Kf4 54. Kb6 Ke5 0-1